000 00927nas a2200301 4500
001 BR2015003486
003 BR-BrBNA
005 20231205125459.0
007 ta
008 230509b bl.|||p| |||| 00| 00por d
040 _aBR-BrBNA
_bpor
_cBiblioteca Nacional de Agricultura
041 _a(En)
072 _aP30
100 1 _aRos, V. de V.
100 1 _aSouza, C.M.A. de
100 1 _aVitorino, A.C.T.
100 1 _aRafull, L.Z.L.
245 1 _aOxisol resistence to penetration in no-till system after sowing
650 _aCOMPACTACAO DO SOLO
650 _aSULCADOR
650 _aLATOSSOLO VERMELHO
650 _aPLANTIO DIRETO
650 _aANALISE DO SOLO
773 0 _tEngenharia Agrícola (Brazil)
_xISSN 1809-4430
_g(Nov-Dec 2011), v. 31(6) p. 1104-1114
_wBR2015003486
856 4 0 _uhttp://www.scielo.br/pdf/eagri/v31n6/v31n6a08.pdf
909 _a202311
_bLúcia
_c55
_dLúcia Elande
942 _2AGRIS
_n0
_cANA
999 _c244585
_d244585